|
|
|
|
| LEADER |
00000nam0a2200000 4500 |
| 001 |
22432 |
| 005 |
20231030194724.0 |
| 010 |
|
|
|a 5801300708
|
| 035 |
|
|
|a (RuTPU)RU\TPU\book\22645
|
| 035 |
|
|
|a BOOK00022716
|
| 090 |
|
|
|a 22432
|
| 100 |
|
|
|a 20011209d2000 m y0rusy50 ca
|
| 101 |
0 |
|
|a rus
|
| 102 |
|
|
|a RU
|
| 105 |
|
|
|a y j 000zy
|
| 200 |
1 |
|
|a Введение в психологию
|e учебное пособие
|f П. Я. Гальперин
|
| 205 |
|
|
|a 2-е изд.
|
| 210 |
|
|
|a Москва
|c Университет
|d 2000
|
| 215 |
|
|
|a 336 с.
|
| 451 |
|
1 |
|0 (RuTPU)RU\TPU\book\75921
|y 5-98227-060-1
|t Введение в психологию
|o учебное пособие
|f П. Я. Гальперин
|g под ред. А. И. Подольского
|e 5-е изд.
|c М.
|n Университет
|d 2005
|p 330 с.
|a Гальперин, Петр Яковлевич
|
| 451 |
|
1 |
|0 (RuTPU)RU\TPU\book\13607
|y 5801300163
|t Введение в психологию
|o учебное пособие
|f П. Я. Гальперин
|c М.
|n Университет
|d 1999
|p 330 с.
|a Гальперин, Петр Яковлевич
|
| 610 |
1 |
|
|a психология
|
| 610 |
1 |
|
|a психика
|
| 610 |
1 |
|
|a деятельность
|
| 610 |
1 |
|
|a личность
|
| 610 |
1 |
|
|a учебные пособия
|
| 686 |
|
|
|a Ю93я73
|v LBC/SL-A
|2 rubbk
|
| 700 |
|
1 |
|a Гальперин
|b П. Я.
|g Петр Яковлевич
|
| 801 |
|
0 |
|a RU
|b 63413507
|c 20011209
|g PSBO
|
| 801 |
|
2 |
|a RU
|b 63413507
|c 20170410
|g PSBO
|
| 900 |
|
|
|a Психология
|
| 942 |
|
|
|c BK
|